Top 20 Most Played 5 Seconds of Summer Songs on Spotify - Statistics

General Stats
  • This quiz has been taken 20 times
  • The average score is 15 of 20
Answer Stats
Answer % Correct
Don't Stop
100%
She's Kinda Hot
100%
She Looks So Perfect
95%
Teeth
95%
Youngblood
95%
Amnesia
89%
Easier
89%
Ghost Of You
89%
Jet Black Heart
79%
Want You Back
79%
Me, Myself & I
74%
Who Do You Love
74%
Lie To Me
63%
Lie To Me (feat. Julia Michaels)
63%
Old Me
63%
Good Girls
58%
Heartbreak Girl
58%
No Shame
58%
Valentine
58%
Wildflower
58%
No matching quizzes found
Score Distribution
Percent of People with Each Score
Percentile by Number Answered
Your Score History
You have not taken this quiz